Eneida II / (Record no. 142039)

MARC details
000 -LEADER
campo de control de longitud fija 00684nam a2200229 i 4500
001 - NÚMERO DE CONTROL
campo de control 142039
003 - IDENTIFICADOR DE NÚMERO DE CONTROL
campo de control ES-MaACL
005 - FECHA Y HORA DE LA ÚLTIMA TRANSACCIÓN
campo de control 20230906200429.0
007 - CAMPO FIJO DE DESCRIPCIÓN FÍSICA--INFORMACIÓN GENERAL
campo de control de longitud fija t|
008 - DATOS DE LONGITUD FIJA--INFORMACIÓN GENERAL
campo de control de longitud fija 071002s1962 sp ||||1| spa d
080 ## - NÚMERO DE LA CLASIFICACIÓN DECIMAL UNIVERSAL
Número de la Clasificación Decimal Universal 471-88
100 1# - ENTRADA PRINCIPAL--NOMBRE DE PERSONA
Nombre de persona Virgilio Marón, Publio.
9 (RLIN) 115452
245 10 - MENCIÓN DEL TÍTULO
Título Eneida II /
Mención de responsabilidad, etc. Virgilio ; introducción, texto y notas por Víctor José Herrero.
260 ## - PUBLICACIÓN, DISTRIBUCIÓN, ETC.
Lugar de publicación, distribución, etc. Madrid :
Nombre del editor, distribuidor, etc. Gredos,
Fecha de publicación, distribución, etc. [1962]
300 ## - DESCRIPCIÓN FÍSICA
Extensión 143 p. ;
Dimensiones 21 cm.
490 1# - MENCIÓN DE SERIE
Mención de serie Clásicos Gredos
650 14 - PUNTO DE ACCESO ADICIONAL DE MATERIA--TÉRMINO DE MATERIA
Término de materia o nombre geográfico como elemento de entrada Lengua latina-
Subdivisión de forma Textos.
9 (RLIN) 14307
700 1# - ENTRADA AGREGADA--NOMBRE PERSONAL
Nombre de persona Herrero, Víctor José.
9 (RLIN) 63287
830 0# - PUNTO DE ACCESO ADICIONAL DE SERIE-TÍTULO UNIFORME
Título uniforme Clásicos Gredos
9 (RLIN) 183680
852 ## - LOCALIZACIÓN
Ubicación ES-MaACL
Número de control de estantería C-22384
Sublocalización o colección R.50828
Holdings
Estatus retirado Estado de pérdida Estado de daño No para préstamo Biblioteca de origen Biblioteca actual Ubicación en estantería Fecha de adquisición Fuente de adquisición Total de préstamos Signatura topográfica completa Código de barras Visto por última vez Precio de reemplazo Tipo de ítem Koha
        Biblioteca del Ateneo de Madrid Biblioteca del Ateneo de Madrid Galería 17/01/2008     C-22384 1147793 23/02/2023 23/02/2023 Libro impreso